Jogadores com mais títulos do Brasileirão - Statistics

Estatísticas Gerais
  • Esse quiz foi jogado 311 vezes
  • A pontuação média é 8 de 29
Estatísticas das Respostas
Títulos Clubes Mais antigo Mais recente Jogador % Correto
6 Santos 1961 1968 Pelé
99%
5 Santos 1961 1965 Coutinho
55%
5 Palmeiras 1967 1973 Ademir da Guia
54%
6 Santos 1961 1968 Pepe
54%
5 Atlético-PR, São Paulo e Cruzeiro 2001 2014 Dagoberto
49%
4 Flamengo 1980 1992 Júnior
41%
4 São Paulo e Corinthians 2006 2017 Danilo
39%
4 Flamengo, Fluminense e Corinthians 2009 2015 Emerson Sheik
38%
4 Corinthians, Cruzeiro e Palmeiras 2011 2018 Willian
38%
5 Palmeiras 1967 1973 Dudu
36%
4 Santos 1961 1964 Zito
33%
4 Cruzeiro, Corinthians e Palmeiras 2003 2018 Edu Dracena
31%
4 São Paulo e Cruzeiro 2007 2014 Borges
27%
4 Santos 1962 1965 Gilmar
24%
4 São Paulo, Fluminense e Palmeiras 2008 2018 Jean
24%
4 Flamengo, Palmeiras e Cruzeiro 1992 2003 Zinho
23%
5 Santos 1961 1965 Mauro
22%
4 Palmeiras e Grêmio 1969 1981 Emerson Leão
20%
5 Santos 1961 1965 Mengálvio
20%
4 São Paulo, Palmeiras e Santos 1991 2004 Antônio Carlos
18%
4 Internacional, Grêmio e Vasco 1979 2000 Mauro Galvão
18%
4 Flamengo e Vasco 1980 1989 Andrade
13%
4 Santos 1961 1965 Dorval
12%
4 Cruzeiro e Flamengo 1966 1983 Raul Plasmann
11%
4 Palmeiras 1967 1973 César Maluco
10%
6 Santos 1961 1968 Lima
8%
4 Palmeiras, Fluminense e Internacional 1967 1976 Lula
6%
4 São Paulo e Flamengo 1977 1983 Marinho
5%
4 Santos 1962 1968 Toninho Guerrero
2%
Nenhum quiz correspondente encontrado
Distribuição das Pontuações
Porcentagem de Pessoas com Cada Pontuação
Percentil de Números Respondidos
Sua Pontuação Histórica
Você não jogou esse quiz